| 000 | 00512nam a2200169Ia 4500 | ||
|---|---|---|---|
| 999 |
_c15453 _d15453 |
||
| 003 | OSt | ||
| 005 | 20200606115824.0 | ||
| 008 | 190216s9999||||xx |||||||||||||| ||und|| | ||
| 040 | _cMESKC library | ||
| 082 |
_a491.4382421 _bKAP/P |
||
| 100 |
_aKapoor, Badarinath _9364 |
||
| 245 | 0 |
_aParishkrith Hindi Vyakaran / _cBadarinath Kapoor |
|
| 260 |
_bMeenakshi Prakashan, _c2012. _aNew Delhi: |
||
| 300 | _a263p | ||
| 650 | _aHindi | ||
| 942 |
_cBK _2ddc _h491.4382421 _iKAP/P _k491.4382421 _mKAP/P |
||